|
|
|
|
| LEADER |
00000nam a22000005a 4500 |
| 001 |
20646 |
| 003 |
CL-ChBUA |
| 005 |
20120815103753.0 |
| 008 |
070301s2005 xxu 000 0 spa |
| 020 |
|
|
|a 0825416698
|
| 040 |
|
|
|a CL-ChBUA
|c CL-ChBUA
|
| 082 |
0 |
0 |
|a 248.4
|
| 090 |
|
|
|c 20646
|d 20646
|
| 100 |
1 |
|
|a Sanders, J. Oswald.
|
| 245 |
1 |
0 |
|a Cómo enfrentar la soledad
|
| 260 |
|
|
|b Portavoz.
|a Grand Rapids.
|c c 2005.
|
| 300 |
|
|
|a 158 p.
|c 22 cm.
|
| 504 |
|
|
|a Indice.
|
| 650 |
|
4 |
|a VIDA CRISTIANA.
|
| 650 |
|
4 |
|a SOLEDAD.
|
| 942 |
|
|
|c LIB
|
| 952 |
|
|
|0 0
|1 0
|4 0
|7 0
|9 28081
|a UNACH
|b UNACH
|c 200
|d 2007-03-05
|i 39.457.
|l 1
|o 248.4 7/ Sa 215.
|p 29080
|r 2014-11-10 00:00:00
|s 2014-11-07
|u 28081
|w 2012-08-08
|y LIB
|k 248.4 7/ Sa 215.
|
| 999 |
|
|
|c 20646
|d 20646
|